LEADER 00990nam a2200229 a 4500 001 991001368149707536 008 035 $ab13361934-39ule_inst 040 $aDip.to di Studi Storici$bita 082 0$a945.18 245 10$aAspetti del patrimonio culturale ligure /$ca cura di Edoardo Grendi ... [et al.] 260 $aGenova :$bUniversita, Dipartimento di storia moderna e contemporanea,$c1997 300 $a270 p. :$bill. ;$c24 cm 440 0$aQuaderni del Dipartimento / Universita di Genova, Dipartimento di storia moderna e contemporanea 650 4$aPatrimonio culturale $xLiguria 700 1 $aGrendi, Edoardo 907 $a.b13361934$b21-09-06$c06-12-05 912 $a991001368149707536 945 $aLE023 945.18 GRE 1 1$g1$i2023000080207$lle023$o-$pE16.00$q-$rl$s- $t0$u0$v0$w0$x0$y.i14165958$z07-12-05 996 $aAspetti del patrimonio culturale ligure$91094038 997 $aUNISALENTO 998 $ale023$b - - $cm$da $e-$fita$git $h0$i0 LEADER 00945nam a2200265 i 4500 001 991003850989707536 005 20030103124944.0 008 020404s1976 it ||| | ita 035 $ab11873711-39ule_inst 035 $aPRUMB66451$9ExL 040 $aDip.to SSSC$bita 082 0 $a851.009 100 1 $aSeminario di italiano $0532345 245 10$aAnalisi testuali per l'insegnamento 260 $aPadova :$bLiviana,$c1976 300 $a200 p. ;$c21 cm. 490 0 $aScartabelli 500 $aIn testa al front.: Seminario di italiano (Friburgo, Svizzera) 650 4$aPoesia italiana$xAnalisi strutturale 907 $a.b11873711$b28-04-17$c07-01-03 912 $a991003850989707536 945 $aLE021 DI4B43$g1$iLE021N-467$lle021$o-$pE0.00$q-$rl$s- $t0$u0$v0$w0$x0$y.i1212784x$z07-01-03 996 $aAnalisi testuali per l'insegnamento$9900964 997 $aUNISALENTO 998 $ale021$b01-01-02$cm$da $e-$fita$git $h0$i1 LEADER 05539nam 2200757Ia 450 001 9910961246003321 005 20251118161316.0 010 $a0-08-052656-X 010 $a9780750651035 010 $a1-282-38133-4 010 $a9786612381331 010 $a1-281-00605-X 010 $a9786611006051 010 $a0-08-048998-2 035 $a(CKB)1000000000350700 035 $a(EBL)294522 035 $a(OCoLC)808614917 035 $a(SSID)ssj0000356291 035 $a(PQKBManifestationID)11269729 035 $a(PQKBTitleCode)TC0000356291 035 $a(PQKBWorkID)10350125 035 $a(PQKB)10373493 035 $a(SSID)ssj0000329505 035 $a(PQKBManifestationID)11912876 035 $a(PQKBTitleCode)TC0000329505 035 $a(PQKBWorkID)10309387 035 $a(PQKB)10677037 035 $a(MiAaPQ)EBC477360 035 $a(MiAaPQ)EBC294522 035 $a(EXLCZ)991000000000350700 100 $a20031117d2003 uy 0 101 0 $aeng 135 $aur|n|---||||| 181 $ctxt 182 $cc 183 $acr 200 00$aAdvanced concrete technology$iConstituent materials /$fedited by John Newman, Ban Seng Choo 210 $aOxford $cElsevier$d2003 215 $a1 online resource (283 p.) 300 $aDescription based upon print version of record. 311 08$a0-7506-5103-2 311 08$a0-7506-5686-7 320 $aIncludes bibliographical references and indexes. 327 $aFront Cover; Advanced Concrete Technology: Constituent Materials; Copyright Page; Contents; Preface; List of contributors; Part 1: Cements; Chapter 1. Cements; 1.1 Introduction; 1.2 History of Portland cement manufacture; 1.3 Chemistry of clinker manufacture; 1.4 Cement grinding; 1.5 Portland cement hydration; 1.6 Portland cement types; 1.7 Cement production quality control; 1.8 Influence of cement quality control parameters on properties; 1.9 Relationship between laboratory mortar results and field concrete; 1.10 Applications for different cement types 327 $a1.11 Health and safety aspects of cement useReferences; Chapter 2. Calcium aluminate cements; 2.1 Introduction; 2.2 Chemistry and mineralogy of CACs; 2.3 Properties of fresh CAC concrete - setting, workability, heat evolution; 2.4 Strength development; 2.5 Other engineering properties; 2.6 Supplementary cementing materials; 2.7 Durability/resistance to degradation; 2.8 Structural collapses associated with CAC concrete; 2.9 Modern uses of CAC concrete; 2.10 Use of CACs in mixed binder systems; 2.11 Summary; References; Part 2: Cementitious Additions; Chapter 3. Cementitious additions 327 $a3.1 The pozzolanic reaction and concrete3.2 Fly ash as a cementitious addition to concrete; 3.3 Fly ash in special concretes; 3.4 Natural pozzolanas; 3.5 The use of ggbs in concrete; 3.6 Silica fume for concrete; 3.7 Metakaolin; 3.8 Limestone; References; Part 3: Admixtures; Chapter 4. Admixtures for concrete, mortar and grout; 4.1 Introduction; 4.2 Dispersing admixtures; 4.3 Retarding and retarding plasticizers/superplasticizing admixtures; 4.4 Accelerating admixtures; 4.5 Air-entraining admixtures; 4.6 Water resisting (waterproofing); 4.7 Corrosion-inhibiting admixtures 327 $a4.8 Shrinkage-reducing admixtures4.9 Anti-washout/underwater admixtures; 4.10 Pumping aids; 4.11 Sprayed concrete admixtures; 4.12 Foamed concrete and CLSM; 4.13 Other concrete admixtures; 4.14 Mortar admixtures; 4.15 Grout admixtures; 4.16 Admixture supply; 4.17 Health and safety; Further reading; Part 4: Aggregates; Chapter 5. Geology, aggregates and classification; 5.1 Introduction; 5.2 Fundamentals; 5.3 Geological classification of rocks; 5.4 Sources and types of aggregates; 5.5 Classification of aggregates; 5.6 Aggregate quarry assessment; 5.7 Deleterious materials in aggregates 327 $aReferencesChapter 6. Aggregate prospecting and processing; 6.1 Aims and objectives; 6.2 Introduction; 6.3 Extraction and processing of sand and gravel; 6.4 Processing; 6.5 Extraction and processing of limestone; 6.6 Summary; Further reading; Chapter 7. Lightweight aggregate manufacture; 7.1 Introduction, definitions and limitations; 7.2 Lightweight aggregates suitable for use in structural concrete; 7.3 Brief history of lightweight aggregate production; 7.4 Manufacturing considerations for structural grades of lightweight aggregate 327 $a7.5 Production methods used for various lightweight aggregates 330 $aBBased on the Institute of Concrete Technology's advanced course, the Advanced Concrete Technology series is a comprehensive educational and reference resource for the concrete materials technologist. An expert international team of authors from research, academia, and industry have come together to produce this unique reference source.This first volume deals with the constituent materials of concrete. With worked examples, case studies and illustrations throughout, the book will be a key reference for the concrete specialist for years to come.* Expert international auth 606 $aConcrete 606 $aConcrete construction 615 0$aConcrete. 615 0$aConcrete construction. 676 $a624.1/834 676 $a624.1834 676 $a620.136 701 $aNewman$b John$g(John Brian),$f1938-$01856786 701 $aChoo$b B. S$01856787 801 0$bMiAaPQ 801 1$bMiAaPQ 801 2$bMiAaPQ 906 $aBOOK 912 $a9910961246003321 996 $aAdvanced concrete technology$94456562 997 $aUNINA